[Event "Asian Games tt"]
[Site "Hangzhou"]
[Date "2023.10.02"]
[Round "4.21"]
[White "Laohawirapap, Prin"]
[Black "Lam, Daniel King Wai"]
[Result "1-0"]
[WhiteElo "2329"]
[BlackElo "2085"]
[PlyCount "75"]
[EventDate "2023.09.29"]
[EventType "team-tourn"]
[EventRounds "9"]
[EventCountry "CHN"]
[SourceTitle "EXT 2024"]
[Source "ChessBase"]
[SourceDate "2023.10.10"]
[SourceVersion "1"]
[SourceVersionDate "2023.10.10"]
[SourceQuality "1"]
[WhiteTeam "Thailand"]
[BlackTeam "Hong Kong"]
[WhiteTeamCountry "THA"]
[BlackTeamCountry "HKG"]

1. e4 Nf6 2. e5 Nd5 3. d4 d6 4. Nf3 dxe5 5. Nxe5 c6 6. Be2 Bf5 7. 0-0 Nd7 8. f4 Nxe5 9. fxe5 e6 10. a3 Be7 11. c4 Nb6 12. Nc3 Bg6 13. Be3 0-0 14. b4 Nd7 15. Qb3 b6 16. Rad1 Qc7 17. Bf3 Rac8 18. Rfe1 c5 19. Nb5 Qb8 20. Bf4 a6 21. Nd6 Bxd6 22. exd6 cxd4 23. Rxd4 Rfe8 24. Rdd1 Kh8 25. Bg3 Red8 26. Kh1 e5 27. Qa4 Rxc4 28. Qxa6 Rd4 29. Rxd4 exd4 30. h4 h6 31. Qc4 f6 32. Qxd4 Ne5 33. Bxe5 fxe5 34. Qxe5 Rxd6 35. h5 Bf7 36. Qe7 Kg8 37. a4 Rf6 38. Rd1 1-0

[Event "Asian Games tt"]
[Site "Hangzhou"]
[Date "2023.09.30"]
[Round "2.13"]
[White "Batchuluun, Tsegmed"]
[Black "Lam, Daniel King Wai"]
[Result "1-0"]
[WhiteElo "2449"]
[BlackElo "2085"]
[PlyCount "55"]
[EventDate "2023.09.29"]
[EventType "team-tourn"]
[EventRounds "9"]
[EventCountry "CHN"]
[SourceTitle "EXT 2024"]
[Source "ChessBase"]
[SourceDate "2023.10.10"]
[SourceVersion "1"]
[SourceVersionDate "2023.10.10"]
[SourceQuality "1"]
[WhiteTeam "Mongolia"]
[BlackTeam "Hong Kong"]
[WhiteTeamCountry "MGL"]
[BlackTeamCountry "HKG"]

1. d4 Nf6 2. c4 g6 3. Nc3 Bg7 4. e4 d6 5. Nf3 0-0 6. Be2 Bg4 7. 0-0 Nfd7 8. Be3 Nc6 9. d5 Ncb8 10. Qd2 Re8 11. h3 Bxf3 12. Bxf3 e6 13. Rfe1 Na6 14. Rab1 Nb6 15. b3 Nc5 16. dxe6 Rxe6 17. Nd5 Nxe4 18. Bxe4 Rxe4 19. Bg5 Rxe1+ 20. Rxe1 f6 21. Bxf6 Bxf6 22. Re8+ Qxe8 23. Nxf6+ Kg7 24. Nxe8+ Rxe8 25. Qa5 a6 26. c5 dxc5 27. Qxc5 Rc8 28. a4 1-0

[Event "Wch Rapid"]
[Site "Moscow"]
[Date "2019.12.28"]
[Round "13"]
[White "Al Mutairi, Hassan S"]
[Black "Lam, Daniel King Wai"]
[Result "0-1"]
[WhiteElo "1883"]
[BlackElo "2110"]
[PlyCount "144"]
[EventDate "2019.12.26"]
[EventType "swiss (rapid)"]
[EventRounds "15"]
[EventCountry "RUS"]
[SourceTitle "CBM 193 Extra"]
[Source "ChessBase"]
[SourceDate "2020.01.31"]
[SourceVersion "1"]
[SourceVersionDate "2020.01.31"]
[SourceQuality "1"]

1. e4 e6 2. d4 d5 3. Nc3 Nf6 4. Bg5 dxe4 5. Nxe4 Nbd7 6. Nf3 h6 7. Nxf6+ Nxf6 8. Bf4 c5 9. Be2 Qb6 10. 0-0 cxd4 11. Be5 Be7 12. Bxd4 Qc7 13. Be5 Qb6 14. Bd4 Qd8 15. Qd2 0-0 16. Rad1 b6 17. Qf4 Qe8 18. c4 Bb7 19. Qc7 Be4 20. Rfe1 Bd8 21. Qf4 Bb7 22. b3 Qc6 23. Bf1 Be7 24. Ne5 Qc7 25. Bb2 Rad8 26. Qc1 Rxd1 27. Rxd1 Bd6 28. Qc3 Ne4 29. Qd4 Bc5 30. Qd7 Qxd7 31. Rxd7 Bxf2+ 32. Kh1 Ba8 33. Nd3 Be3 34. Rxa7 b5 35. Rc7 bxc4 36. bxc4 Bb6 37. Re7 Rd8 38. Be2 Bc6 39. Ba3 Rxd3 40. Bxd3 Nf2+ 41. Kg1 Nxd3+ 42. Kf1 Nf4 43. g3 Ng6 44. c5 Nxe7 45. cxb6 Nd5 46. Bc5 Nc3 47. a3 Na4 48. Bd4 f6 49. Ke2 e5 50. Bf2 Kf7 51. Kd3 Ke6 52. Kc4 Kd7 53. Kb4 Kc8 54. Ka5 Kb7 55. Be1 f5 56. h4 Nxb6 57. Bc3 Nd7 58. Kb4 Bd5 59. a4 Kc6 60. a5 Kd6 61. Kb5 g5 62. Bd2 gxh4 63. gxh4 h5 64. a6 e4 65. Bf4+ Ke6 66. a7 Ne5 67. Kb6 Ng6 68. Bd2 Nxh4 69. Kc7 Nf3 70. Be3 h4 71. Kb8 h3 72. Bf4 h2 0-1

[Event "Wch Rapid"]
[Site "Moscow"]
[Date "2019.12.28"]
[Round "14"]
[White "Lam, Daniel King Wai"]
[Black "Gundavaa, Bayarsaihan"]
[Result "0-1"]
[WhiteElo "2110"]
[BlackElo "2489"]
[PlyCount "112"]
[EventDate "2019.12.26"]
[EventType "swiss (rapid)"]
[EventRounds "15"]
[EventCountry "RUS"]
[SourceTitle "CBM 193 Extra"]
[Source "ChessBase"]
[SourceDate "2020.01.31"]
[SourceVersion "1"]
[SourceVersionDate "2020.01.31"]
[SourceQuality "1"]

1. e4 c5 2. Nf3 e6 3. d4 cxd4 4. Nxd4 Nc6 5. Nc3 d6 6. Be3 Nf6 7. Bc4 Be7 8. Qe2 0-0 9. 0-0-0 a6 10. Bb3 Qc7 11. g4 Nxd4 12. Bxd4 e5 13. Be3 Bxg4 14. f3 Be6 15. Rhg1 g6 16. Bg5 Nh5 17. Bh6 Rfe8 18. Nd5 Bxd5 19. Bxd5 Bf8 20. Be3 Rac8 21. Kb1 b5 22. Rc1 Rb8 23. c4 b4 24. c5 dxc5 25. Qxa6 Rb6 26. Qa5 Rc8 27. Rgd1 Nf4 28. Bc4 Rf6 29. Qa4 Bd6 30. Bxf4 Rxf4 31. Rd3 Rf6 32. Rcd1 Kg7 33. Qa6 Be7 34. Qa4 Rd6 35. Rxd6 Bxd6 36. Qa6 Be7 37. Qb5 Rd8 38. Rd5 Rxd5 39. Bxd5 Bg5 40. Kc2 Qe7 41. Qc6 Be3 42. Kd3 Bd4 43. Kc4 Qg5 44. Qd7 Qf6 45. a4 bxa3 46. bxa3 Qxf3 47. Kb5 Qxa3 48. Qxf7+ Kh6 49. Qf6 Qb4+ 50. Kc6 c4 51. Qf3 Qb6+ 52. Kd7 Qa7+ 53. Ke6 c3 54. h4 Qb6+ 55. Kf7 Qc7+ 56. Kf6 c2 0-1

[Event "Wch Rapid"]
[Site "Moscow"]
[Date "2019.12.26"]
[Round "3"]
[White "Ruck, Robert"]
[Black "Lam, Daniel King Wai"]
[Result "1-0"]
[WhiteElo "2530"]
[BlackElo "2110"]
[PlyCount "41"]
[EventDate "2019.12.26"]
[EventType "swiss (rapid)"]
[EventRounds "15"]
[EventCountry "RUS"]
[SourceTitle "CBM 193 Extra"]
[Source "ChessBase"]
[SourceDate "2020.01.31"]
[SourceVersion "1"]
[SourceVersionDate "2020.01.31"]
[SourceQuality "1"]

1. Nf3 c5 2. c4 Nc6 3. Nc3 g6 4. e3 Nf6 5. d4 cxd4 6. exd4 d5 7. cxd5 Nxd5 8. Qb3 Nxc3 9. Bc4 e6 10. bxc3 Na5 11. Qa4+ Bd7 12. Bb5 Nc6 13. d5 exd5 14. 0-0 f6 15. Re1+ Kf7 16. Qb3 Ne7 17. Rb1 Bxb5 18. Qxb5 Qb6 19. Qd3 Qa6 20. Qxa6 bxa6 21. Rb7 1-0

[Event "Hong Kong-ch prel"]
[Site "Hong Kong"]
[Date "2019.01.07"]
[Round "1"]
[White "Lam, Daniel King Wai"]
[Black "Mahadevan, Aravind"]
[Result "1-0"]
[WhiteElo "2140"]
[BlackElo "1282"]
[PlyCount "153"]
[EventDate "2019.01.07"]
[EventType "swiss"]
[EventRounds "9"]
[EventCountry "HKG"]
[SourceTitle "EXT 2020"]
[Source "ChessBase"]
[SourceDate "2019.10.17"]
[SourceVersion "1"]
[SourceVersionDate "2019.10.17"]
[SourceQuality "1"]

1. d4 d5 2. c4 e6 3. Nc3 Nf6 4. Bf4 c6 5. e3 Be7 6. Bd3 dxc4 7. Bxc4 Nbd7 8. Nf3 0-0 9. 0-0 b6 10. Qe2 Bb7 11. Rfd1 Nh5 12. Bg3 Nxg3 13. hxg3 Qc7 14. Rac1 Nf6 15. e4 b5 16. Bd3 Qb6 17. a3 a5 18. d5 exd5 19. exd5 Rfe8 20. dxc6 Bxc6 21. Nxb5 Bxa3 22. Qf1 Bc5 23. Nbd4 Bxf3 24. Nxf3 Ng4 25. Rc2 Nxf2 26. Rxf2 Bxf2+ 27. Qxf2 Qxf2+ 28. Kxf2 Rab8 29. Rd2 Red8 30. b3 g6 31. Bc4 Rxd2+ 32. Nxd2 Rb4 33. Ke3 a4 34. bxa4 Rxa4 35. Bb3 Ra7 36. Kf2 Kg7 37. Bc4 f5 38. Be2 Kf6 39. g4 fxg4 40. Bxg4 h5 41. Be2 Rh7 42. Ke3 Re7+ 43. Ne4+ Kf5 44. Kf3 h4 45. Bd3 Ke5 46. Ng5 Kf6 47. Kf4 Rd7 48. Be4 Re7 49. Bf3 Ra7 50. Kg4 Ra4+ 51. Ne4+ Kg7 52. Kxh4 Kh6 53. Kg3 Ra5 54. Kf4 Rf5+ 55. Kg4 Ra5 56. Kf4 Rf5+ 57. Ke3 Ra5 58. g4 g5 59. Kd4 Kg6 60. Nc5 Ra7 61. Ke5 Ra5 62. Be4+ Kh6 63. Kd6 Kg7 64. Bf5 Kf7 65. Ne4 Ra6+ 66. Kc5 Ra5+ 67. Kb4 Re5 68. Nxg5+ Kf6 69. Ne4+ Kg7 70. Kc4 Ra5 71. Kd4 Rb5 72. Ke3 Kh6 73. Kf4 Kg7 74. Kg5 Rb1 75. Ng3 Rg1 76. Kf4 Rd1 77. g5 1-0

[Event "Olympiad-43"]
[Site "Batumi"]
[Date "2018.10.01"]
[Round "7.49"]
[White "Lam, Daniel King Wai"]
[Black "Reyes Najera, Carlos Antonio"]
[Result "1/2-1/2"]
[WhiteElo "2145"]
[BlackElo "2149"]
[PlyCount "95"]
[EventDate "2018.09.24"]
[EventType "team-swiss"]
[EventRounds "11"]
[EventCountry "GEO"]
[SourceTitle "CBM 187"]
[Source "ChessBase"]
[SourceDate "2018.12.11"]
[SourceVersion "1"]
[SourceVersionDate "2018.12.11"]
[SourceQuality "1"]
[WhiteTeam "Hong Kong"]
[BlackTeam "Guatemala"]
[WhiteTeamCountry "HKG"]
[BlackTeamCountry "GUA"]

1. c4 e5 2. Nc3 Nf6 3. g3 d5 4. cxd5 Nxd5 5. Bg2 Nxc3 6. bxc3 Nc6 7. Rb1 Bc5 8. Qa4 Qf6 9. Nf3 0-0 10. d3 Re8 11. 0-0 e4 12. dxe4 Qxc3 13. Bf4 Bb6 14. Bd2 Qf6 15. e5 Qg6 16. Bf4 Bd7 17. Rbd1 Rad8 18. Qa3 h6 19. h4 Be6 20. Qb2 Bc4 21. Rxd8 Rxd8 22. Rc1 Qe6 23. a3 a6 24. Kh2 Bb5 25. e3 Qd7 26. Bh3 Qd5 27. Bg2 Qe6 28. Bh3 Qe7 29. Bf5 Bd3 30. Bxd3 Rxd3 31. Rc3 Qd7 32. Qc2 Rxc3 33. Qxc3 Qd5 34. Nd2 Ba5 35. e4 Qb5 36. Qe3 Bb6 37. Qf3 Nxe5 38. Bxe5 Qxe5 39. Nc4 Qe6 40. Nxb6 Qxb6 41. Qf5 g6 42. Qf4 Kg7 43. Kg2 c5 44. Qe5+ Kg8 45. Qe8+ Kg7 46. Qe5+ Kg8 47. Qe8+ Kg7 48. Qe5+ 1/2-1/2

[Event "Olympiad-43"]
[Site "Batumi"]
[Date "2018.09.25"]
[Round "2.1"]
[White "Lam, Daniel King Wai"]
[Black "Chinasamy, Devarajen"]
[Result "1-0"]
[WhiteElo "2145"]
[BlackElo "1993"]
[PlyCount "73"]
[EventDate "2018.09.24"]
[EventType "team-swiss"]
[EventRounds "11"]
[EventCountry "GEO"]
[SourceTitle "CBM 187"]
[Source "ChessBase"]
[SourceDate "2018.12.11"]
[SourceVersion "1"]
[SourceVersionDate "2018.12.11"]
[SourceQuality "1"]
[WhiteTeam "Hong Kong"]
[BlackTeam "Mauritius"]
[WhiteTeamCountry "HKG"]
[BlackTeamCountry "MRI"]

1. e4 c5 2. Nf3 g6 3. d4 cxd4 4. Nxd4 Nc6 5. c4 Nf6 6. Nc3 Nxd4 7. Qxd4 Bg7 8. e5 Ng8 9. Bf4 Nh6 10. Be2 d6 11. Bxh6 Bxh6 12. exd6 0-0 13. Qh4 Bd2+ 14. Kxd2 Qxd6+ 15. Kc1 f6 16. Rd1 Qe5 17. Qg3 Qc5 18. Qe3 Qc7 19. f4 e6 20. b3 Bd7 21. Kb2 a6 22. a4 Rae8 23. Bf3 Bc6 24. Rd2 Re7 25. Rad1 Rfe8 26. Ne4 Bxe4 27. Qxe4 Kg7 28. Qd4 Kf7 29. Qd6 Qa5 30. b4 Qc7 31. Qxc7 Rxc7 32. Rd7+ Re7 33. Rxc7 Rxc7 34. c5 Ke7 35. Kb3 a5 36. Rd6 axb4 37. Kxb4 1-0

[Event "World Amateur-ch U2300"]
[Site "Cagliari"]
[Date "2018.04.24"]
[Round "4"]
[White "Lam, Daniel King Wai"]
[Black "Sandhya, Goli"]
[Result "1/2-1/2"]
[WhiteElo "2210"]
[BlackElo "1971"]
[PlyCount "103"]
[EventDate "2018.04.22"]
[EventType "swiss"]
[EventRounds "9"]
[EventCountry "ITA"]
[SourceTitle "CBM 184 Extra"]
[Source "ChessBase"]
[SourceDate "2018.06.28"]
[SourceVersion "1"]
[SourceVersionDate "2018.06.28"]
[SourceQuality "1"]

1. e4 c5 2. Nf3 d6 3. d4 cxd4 4. Nxd4 Nf6 5. Nc3 a6 6. Be3 e5 7. Nb3 Be6 8. f4 exf4 9. Bxf4 Nc6 10. Qe2 Rc8 11. h3 Nb4 12. 0-0-0 Bxb3 13. axb3 Qa5 14. Kb1 Be7 15. e5 dxe5 16. Qxe5 Qxe5 17. Bxe5 0-0 18. g4 Nc6 19. Bf4 h6 20. Bg2 Rfd8 21. Nd5 Nxd5 22. Bxd5 Bf6 23. c3 Re8 24. Rhe1 Bh4 25. Rf1 Re7 26. b4 Rd7 27. Bb3 Rcd8 28. Rxd7 Rxd7 29. Kc2 Bf6 30. Bd2 Re7 31. Kb1 Rd7 32. Kc2 Rc7 33. Kb1 Rd7 34. Bxh6 Bxc3 35. bxc3 gxh6 36. Rf5 Kg7 37. Bd5 Rc7 38. Kb2 Nd8 39. c4 Ne6 40. Kc3 Re7 41. h4 Nd8 42. Kd4 Ne6+ 43. Ke5 Nf8+ 44. Kd6 Rd7+ 45. Kc5 Ne6+ 46. Bxe6 fxe6 47. Rf4 Rc7+ 48. Kd6 Rc6+ 49. Ke7 e5 50. Re4 Kg6 51. c5 a5 52. Rxe5 1/2-1/2

[Event "World Amateur-ch U2300"]
[Site "Cagliari"]
[Date "2018.04.22"]
[Round "1"]
[White "Lam, Daniel King Wai"]
[Black "Altea, Alessandro"]
[Result "0-1"]
[WhiteElo "2210"]
[BlackElo "2068"]
[PlyCount "87"]
[EventDate "2018.04.22"]
[EventType "swiss"]
[EventRounds "9"]
[EventCountry "ITA"]
[SourceTitle "CBM 184 Extra"]
[Source "ChessBase"]
[SourceDate "2018.06.28"]
[SourceVersion "1"]
[SourceVersionDate "2018.06.28"]
[SourceQuality "1"]

1. c4 Nf6 2. Nc3 g6 3. g3 Bg7 4. Bg2 0-0 5. e4 d6 6. Nge2 c5 7. 0-0 Nc6 8. d3 Rb8 9. h3 a6 10. Be3 b5 11. cxb5 axb5 12. d4 Nd7 13. Qd2 b4 14. Nd1 e5 15. dxc5 dxc5 16. f4 Nd4 17. Nf2 Ba6 18. Bxd4 cxd4 19. Nd3 Qb6 20. Kh2 Rfc8 21. Nxe5 Nxe5 22. fxe5 Bxe5 23. Rfc1 Qd6 24. Nf4 d3 25. Nd5 Bxg3+ 26. Kh1 Bc4 27. Rf1 Be5 28. Ne3 Be6 29. Nd5 Rc4 30. Qxd3 Rd4 31. Qe3 Rc8 32. Rad1 Rxd1 33. Rxd1 Kg7 34. Qd2 Rc4 35. Qe2 Qc5 36. Bf1 Rc2 37. Rd2 Rc1 38. Qf3 f5 39. Kg2 Rc2 40. Rxc2 Qxc2+ 41. Qe2 Qc1 42. Nxb4 Qf4 43. Qc2 fxe4 44. Qd1 0-1

[Event "Hong Kong-ch prel"]
[Site "Hong Kong"]
[Date "2018.01.29"]
[Round "4"]
[White "Lam, Daniel King Wai"]
[Black "Chan, Chak Man"]
[Result "1-0"]
[WhiteElo "2222"]
[BlackElo "1824"]
[PlyCount "103"]
[EventDate "2018.01.08"]
[EventType "swiss"]
[EventRounds "11"]
[EventCountry "HKG"]
[SourceTitle "EXT 2019"]
[Source "ChessBase"]
[SourceDate "2018.10.10"]
[SourceVersion "1"]
[SourceVersionDate "2018.10.10"]
[SourceQuality "1"]

1. c4 Nf6 2. Nc3 g6 3. g3 Bg7 4. Bg2 0-0 5. d4 d6 6. e4 e5 7. d5 a5 8. Nge2 Nh5 9. 0-0 f5 10. exf5 Bxf5 11. h3 Bc8 12. Ne4 Na6 13. N2c3 h6 14. Be3 b6 15. Qd2 Kh7 16. Qe2 Bd7 17. b3 Nc5 18. Rac1 Qe7 19. Kh2 Rf7 20. Bf3 Nf6 21. Bg2 Nh5 22. Nd2 Bf5 23. Nce4 Nf6 24. Nxc5 bxc5 25. g4 Bd7 26. Ne4 Nxe4 27. Bxe4 Qh4 28. f3 Raf8 29. Qd3 Bf5 30. Kg2 Bxe4 31. fxe4 h5 32. Qe2 Bh6 33. Rxf7+ Rxf7 34. Rh1 Bf4 35. Bf2 Qg5 36. Be1 Be3 37. Rf1 Rxf1 38. Qxf1 hxg4 39. Qf7+ Kh8 40. Qe8+ Kh7 41. Qd7+ Kh6 42. Qxg4 Qd8 43. Qh4+ Qxh4 44. Bxh4 a4 45. bxa4 Bd2 46. Kf1 Ba5 47. Be1 Bb6 48. Kg2 Kg5 49. Kf3 Kh5 50. a5 Ba7 51. a6 Bb6 52. Ba5 1-0

[Event "Wch Blitz"]
[Site "Riadh"]
[Date "2017.12.30"]
[Round "17"]
[White "Al Saffar, Araz Basim Mohammed"]
[Black "Lam, Daniel King Wai"]
[Result "0-1"]
[WhiteElo "2368"]
[BlackElo "2222"]
[PlyCount "94"]
[EventDate "2017.12.29"]
[EventType "swiss (blitz)"]
[EventRounds "21"]
[EventCountry "SAU"]
[SourceTitle "CBM 182 Extra"]
[Source "ChessBase"]
[SourceDate "2018.02.23"]
[SourceVersion "1"]
[SourceVersionDate "2018.02.23"]
[SourceQuality "1"]

1. d4 e6 2. c4 c5 3. Nf3 Nf6 4. Nc3 cxd4 5. Nxd4 d5 6. e3 a6 7. Be2 dxc4 8. Bxc4 Qc7 9. Be2 Bd6 10. h3 0-0 11. 0-0 Rd8 12. Qc2 Bd7 13. Rd1 e5 14. Nf5 Bf8 15. Bf3 Nc6 16. Ng3 g6 17. Bd2 Bg7 18. Rac1 Be6 19. Be1 Nb4 20. Qb1 Rxd1 21. Rxd1 h5 22. a3 Nc6 23. b4 Rd8 24. Qc1 Rxd1 25. Qxd1 Ne7 26. Nge4 Nxe4 27. Nxe4 Bd5 28. h4 Bc6 29. Nc5 Bxf3 30. Qxf3 Nc6 31. Qd5 Bf8 32. Bc3 Bd6 33. g3 Kh7 34. Ne4 Bf8 35. f4 exf4 36. gxf4 Qe7 37. Nf6+ Kg7 38. Nd7+ Kg8 39. Nf6+ Kg7 40. Nxh5+ Kh6 41. Nf6 Qxe3+ 42. Kg2 Qxc3 43. Qg5+ Kg7 44. Ne8+ Kg8 45. Nf6+ Kg7 46. Ne8+ Kh7 47. Qd5 Kh8 0-1

[Event "Wch Blitz"]
[Site "Riadh"]
[Date "2017.12.29"]
[Round "11"]
[White "Kovalev, Vladislav"]
[Black "Lam, Daniel King Wai"]
[Result "1-0"]
[WhiteElo "2639"]
[BlackElo "2222"]
[PlyCount "78"]
[EventDate "2017.12.29"]
[EventType "swiss (blitz)"]
[EventRounds "21"]
[EventCountry "SAU"]
[SourceTitle "CBM 182 Extra"]
[Source "ChessBase"]
[SourceDate "2018.02.23"]
[SourceVersion "1"]
[SourceVersionDate "2018.02.23"]
[SourceQuality "1"]

1. d4 e6 2. e4 d5 3. Nd2 Be7 4. e5 c5 5. c3 Nc6 6. Bd3 Nh6 7. Ne2 Nf5 8. Nf3 0-0 9. 0-0 Bd7 10. a3 cxd4 11. cxd4 a5 12. g4 Nh4 13. Nxh4 Bxh4 14. f4 Be7 15. Be3 f5 16. gxf5 exf5 17. Qb3 Be6 18. Qxb7 Qc8 19. Qxc8 Rfxc8 20. Rfc1 h6 21. Rc2 Kf7 22. Rac1 Na7 23. Rc7 Kf8 24. Bd2 Rxc7 25. Rxc7 Bd8 26. Rc2 Bb6 27. Kf2 Ke7 28. Ke3 Kd7 29. Rc1 Rg8 30. h4 g5 31. hxg5 hxg5 32. fxg5 Rxg5 33. Rh1 Rg4 34. Rh7+ Kc6 35. a4 Bd7 36. Nf4 Rg3+ 37. Kf2 Rg4 38. Bb5+ Nxb5 39. axb5+ Kc7 1-0

[Event "Wch Blitz"]
[Site "Riadh"]
[Date "2017.12.29"]
[Round "8"]
[White "Lam, Daniel King Wai"]
[Black "Alem, Ali Hussien"]
[Result "1-0"]
[WhiteElo "2222"]
[BlackElo "1745"]
[PlyCount "107"]
[EventDate "2017.12.29"]
[EventType "swiss (blitz)"]
[EventRounds "21"]
[EventCountry "SAU"]
[SourceTitle "CBM 182 Extra"]
[Source "ChessBase"]
[SourceDate "2018.02.23"]
[SourceVersion "1"]
[SourceVersionDate "2018.02.23"]
[SourceQuality "1"]

1. d4 Nf6 2. c4 e5 3. dxe5 Ng4 4. e4 Nxe5 5. f4 Ng6 6. Nf3 Bb4+ 7. Bd2 Qe7 8. Nc3 Bxc3 9. Bxc3 Qxe4+ 10. Qe2 Qxe2+ 11. Bxe2 0-0 12. g3 b6 13. Kf2 Bb7 14. Rhd1 d6 15. h4 Nc6 16. h5 Nge7 17. h6 g6 18. g4 Na5 19. b3 Ba6 20. Rg1 d5 21. Bf6 Nec6 22. cxd5 Bxe2 23. Kxe2 Nb4 24. Rgd1 Rfe8+ 25. Ne5 Nc2 26. Rac1 Nb4 27. Rd2 Rac8 28. Rcd1 Nb7 29. a3 Na6 30. b4 c5 31. dxc6 Rxc6 32. g5 Nb8 33. Kf2 Rc3 34. Rd3 Rc2+ 35. R1d2 Rc1 36. Rd1 Rc2+ 37. Kf3 a5 38. R1d2 Rc1 39. Rd1 Rc2 40. R1d2 Rc1 41. Nd7 Nxd7 42. Rxd7 Rc3+ 43. Kf2 Rxa3 44. Rxb7 axb4 45. Rb2 b3 46. Rxb6 Rc8 47. R6xb3 Kf8 48. Rxa3 Ke8 49. Re3+ Kf8 50. Bg7+ Kg8 51. Rbe2 f5 52. Re8+ Rxe8 53. Rxe8+ Kf7 54. Rh8 1-0

[Event "Wch Rapid"]
[Site "Riadh"]
[Date "2017.12.28"]
[Round "11"]
[White "Al Abdali, Zeyad Saleh"]
[Black "Lam, Daniel King Wai"]
[Result "0-1"]
[WhiteElo "1801"]
[BlackElo "2222"]
[PlyCount "68"]
[EventDate "2017.12.26"]
[EventType "swiss (rapid)"]
[EventRounds "15"]
[EventCountry "SAU"]
[SourceTitle "CBM 182 Extra"]
[Source "ChessBase"]
[SourceDate "2018.02.23"]
[SourceVersion "1"]
[SourceVersionDate "2018.02.23"]
[SourceQuality "1"]

1. d4 Nf6 2. c4 g6 3. Nf3 Bg7 4. Bg5 Ne4 5. Bf4 c5 6. e3 Qa5+ 7. Nbd2 Nxd2 8. Qxd2 Qxd2+ 9. Kxd2 0-0 10. Rb1 cxd4 11. exd4 d6 12. Bd3 Nc6 13. Be3 e5 14. dxe5 dxe5 15. Be4 Be6 16. Rhc1 h6 17. Ke1 Rfd8 18. b4 f5 19. Bd5 Bxd5 20. cxd5 Rxd5 21. b5 Nd4 22. a4 Ne6 23. a5 f4 24. Bd2 e4 25. Ng1 Nc5 26. Rc4 b6 27. axb6 axb6 28. Nh3 g5 29. g3 Ra2 30. Bb4 Nd3+ 31. Kf1 Nxb4 32. Rcxb4 e3 33. gxf4 e2+ 34. Ke1 Bc3# 0-1

[Event "Wch Rapid"]
[Site "Riadh"]
[Date "2017.12.27"]
[Round "8"]
[White "Lam, Daniel King Wai"]
[Black "Alanazy, Mohammed"]
[Result "1-0"]
[WhiteElo "2222"]
[BlackElo "1850"]
[PlyCount "115"]
[EventDate "2017.12.26"]
[EventType "swiss (rapid)"]
[EventRounds "15"]
[EventCountry "SAU"]
[SourceTitle "CBM 182 Extra"]
[Source "ChessBase"]
[SourceDate "2018.02.23"]
[SourceVersion "1"]
[SourceVersionDate "2018.02.23"]
[SourceQuality "1"]

1. d4 d5 2. c4 c6 3. Nf3 Nf6 4. Nbd2 Bf5 5. Nh4 Bg6 6. Nxg6 hxg6 7. e3 e6 8. g3 Nbd7 9. Bg2 Bd6 10. 0-0 Rc8 11. e4 dxe4 12. Nxe4 Nxe4 13. Bxe4 Kf8 14. Qe2 Bb8 15. Rd1 Nf6 16. Bg2 Qb6 17. Be3 Qa5 18. a3 Qh5 19. Qxh5 Rxh5 20. Bf3 Rh7 21. b4 Rd8 22. a4 Ng8 23. b5 cxb5 24. axb5 b6 25. d5 exd5 26. Rxd5 Rxd5 27. Bxd5 Ne7 28. Bf3 Nc8 29. c5 bxc5 30. Bxc5+ Ke8 31. Bc6+ Kd8 32. Rd1+ Bd6 33. Bxd6 Nxd6 34. Rxd6+ Kc7 35. Rd7+ Kb6 36. Rb7+ Kc5 37. Rxa7 f5 38. Rf7 Kb6 39. h4 Kc5 40. Kg2 Kd6 41. f4 Kc5 42. Rf8 Kb6 43. Kf3 Kc5 44. Ke3 Rh6 45. Rg8 g5 46. hxg5 Re6+ 47. Kf3 Re7 48. Re8 Ra7 49. Re5+ Kd4 50. Rd5+ Kc4 51. Rxf5 Ra3+ 52. Kg4 Kd4 53. b6 g6 54. Rb5 Ke3 55. Bd5 Kf2 56. Rb3 Ra5 57. b7 Rxd5 58. b8Q 1-0